[Event "CMA Futurity 2017.01.10 ABCD"]
[Site "Montreal CAN"]
[Date "2017.02.11"]
[Round "3"]
[White "Rodrigue-Lemieux, Shawn"]
[Black "Leger, Manon"]
[Result "1-0"]
[WhiteElo "2036"]
[BlackElo "2001"]
[PlyCount "91"]
[EventDate "2017.02.10"]
[EventType "tourn"]
[EventRounds "5"]
[EventCountry "CAN"]

1. e4 e5 2. Nf3 Nf6 3. Nxe5 d6 4. Nf3 Nxe4 5. Nc3 Nxc3 6. dxc3 Nc6 7. Bf4 Be7
8. Bd3 O-O 9. Qd2 Bf6 10. O-O-O Rb8 11. Rde1 b5 12. h4 b4 13. c4 a5 14. Ng5 h6
15. Nh7 Be6 16. Nxf8 Kxf8 17. Qe3 Ne5 18. Bxe5 Bxe5 19. f4 Bf6 20. f5 Bd7 21.
Qf4 a4 22. Re3 Bxb2+ 23. Kd1 Qf6 24. g4 Bd4 25. Ree1 Bc6 26. g5 Be5 27. Qe3 Qd8
28. Rhg1 h5 29. Qe2 Qc8 30. Qxh5 Qb7 31. Qh8+ Ke7 32. Qxg7 Bf3+ 33. Kc1 b3 34.
f6+ Kd8 35. Qf8+ Kd7 36. Qxf7+ Kc6 37. axb3 Bf4+ 38. Kb2 axb3 39. c3 Ra8 40.
Ra1 Ra2+ 41. Rxa2 bxa2+ 42. Ka1 Be5 43. Qe8+ Kc5 44. Qb5+ Qxb5 45. cxb5 Bd5 46.
Kb2 1-0

[Event "CMA Futurity 2017.01.10 ABCD"]
[Site "Montreal CAN"]
[Date "2017.02.12"]
[Round "4"]
[White "Soudre, Nicolas"]
[Black "Rodrigue-Lemieux, Shawn"]
[Result "1/2-1/2"]
[WhiteElo "2080"]
[BlackElo "2036"]
[PlyCount "74"]
[EventDate "2017.02.10"]
[EventType "tourn"]
[EventRounds "5"]
[EventCountry "CAN"]

1. e4 c6 2. d4 d5 3. Nc3 dxe4 4. Nxe4 Bf5 5. Ng3 Bg6 6. Nf3 Nd7 7. h4 h6 8. h5
Bh7 9. Bd3 Bxd3 10. Qxd3 e6 11. Bd2 Ngf6 12. O-O-O Be7 13. Kb1 Qc7 14. Ne4
O-O-O 15. g3 Nxe4 16. Qxe4 Nf6 17. Qe2 Bd6 18. c4 c5 19. Rh4 a6 20. Rc1 cxd4
21. Nxd4 Be7 22. b4 Nh7 23. Nb5 axb5 24. cxb5 Qxc1+ 25. Bxc1 Bxh4 26. Qc4+ Kd7
27. Qxh4 Nf6 28. Qd4+ Ke8 29. Qe5 Rg8 30. Qc7 Rd7 31. Qc8+ Ke7 32. Qc5+ Kd8 33.
Qe5 Ke7 34. Qc5+ Kd8 35. Bf4 Nd5 36. Bd6 Nc3+ 37. Kc2 Nd5 1/2-1/2

[Event "CMA Futurity 2017.01.10 ABCD"]
[Site "Montreal CAN"]
[Date "2017.02.12"]
[Round "5"]
[White "Rodrigue-Lemieux, Shawn"]
[Black "Nunez, Omar"]
[Result "1-0"]
[WhiteElo "2036"]
[BlackElo "2078"]
[PlyCount "83"]
[EventDate "2017.02.10"]
[EventType "tourn"]
[EventRounds "5"]
[EventCountry "CAN"]

1. d4 c5 2. e3 e6 3. Bd3 Nf6 4. Nf3 b6 5. O-O Bb7 6. Nbd2 Be7 7. Re1 cxd4 8.
exd4 d5 9. Ne5 O-O 10. c3 Nbd7 11. Ndf3 Rc8 12. Bf4 a6 13. a4 Nxe5 14. Nxe5 Ne4
15. Qg4 f5 16. Qh5 Qe8 17. Qe2 Ra8 18. f3 Nf6 19. Bc2 Bc8 20. Nd3 Ne4 21. Nc1
Nd6 22. Bb3 Qc6 23. Bxd6 Bxd6 24. Nd3 Bd7 25. f4 Qc7 26. Rf1 a5 27. Rf3 Rae8
28. Raf1 Rf6 29. Rh3 Ref8 30. Rff3 Rg6 31. Rf1 Bc8 32. Re3 Ba6 33. Qf3 Bxd3 34.
Rxd3 Rg4 35. Qe3 Bxf4 36. Qxe6+ Kh8 37. h3 Rg6 38. Qxd5 Bh2+ 39. Kh1 f4 40.
Kxh2 f3+ 41. Qe5 Rxg2+ 42. Kh1 1-0

[Event "Ligue elite du dimanche"]
[Site "Montreal CAN"]
[Date "2017.01.15"]
[Round "1"]
[White "Rodrigue-Lemieux, Shawn"]
[Black "Ouellet, Maili-Jade"]
[Result "1-0"]
[WhiteElo "2197"]
[BlackElo "2134"]
[PlyCount "161"]
[EventDate "2017.01.15"]
[EventType "tourn"]
[EventRounds "5"]
[EventCountry "CAN"]

1. d4 d5 2. c4 e6 3. Nc3 Nf6 4. cxd5 exd5 5. Bg5 Be7 6. Qc2 O-O 7. e3 Nbd7 8.
Bd3 c6 9. Nf3 Re8 10. O-O Nf8 11. Rab1 g6 12. b4 a6 13. a4 Ne6 14. Bh4 Ng7 15.
b5 axb5 16. axb5 Bf5 17. bxc6 bxc6 18. Ne5 Rc8 19. Rb7 Ne4 20. Bxe7 Rxe7 21.
Rxe7 Qxe7 22. Nxe4 dxe4 23. Bxe4 Bxe4 24. Qxe4 Nf5 25. Qf3 Qe6 26. Nd3 h5 27.
Rc1 Qb3 28. Nc5 Qb2 29. Qd1 Rb8 30. h3 Qa2 31. Ra1 Qd5 32. Rb1 Rd8 33. Qb3 Kg7
34. Qxd5 cxd5 35. g3 Kf6 36. Kg2 Nd6 37. Rb6 Ke7 38. Kf3 Nc4 39. Rb7+ Kf6 40.
Rb5 Nd6 41. Rb6 Ke7 42. Nd3 Ke8 43. Nf4 Nf5 44. Rb5 Ne7 45. Rc5 Rd6 46. g4
hxg4+ 47. hxg4 Kd7 48. Ra5 Rf6 49. Ke2 Rd6 50. Ra7+ Kd8 51. Kd3 Rc6 52. Ra5 Rd6
53. Ne2 Nc6 54. Rb5 Kc7 55. Nc3 Ne7 56. Rb1 Rf6 57. f4 Ra6 58. Rh1 Kd7 59. Rh7
Ke6 60. Rh8 Nc6 61. Re8+ Kd7 62. Rf8 Ke6 63. Rh8 Ra3 64. Rh1 Kd7 65. Rb1 Kc7
66. Kc2 Ra5 67. Kd2 Ne7 68. Kc2 Nc6 69. Kb3 Ne7 70. Rh1 Kd7 71. Rh7 Ke6 72. Na4
Nc6 73. Nc5+ Ke7 74. g5 Rb5+ 75. Kc3 Ra5 76. f5 Ra3+ 77. Kb2 Rxe3 78. fxg6 Re2+
79. Kc3 Kd8 80. gxf7 Ke7 81. Nd7 1-0

[Event "Ligue elite du dimanche"]
[Site "Montreal CAN"]
[Date "2017.02.26"]
[Round "3"]
[White "Rodrigue-Lemieux, Shawn"]
[Black "Huang, Qiuyu"]
[Result "1-0"]
[WhiteElo "2201"]
[BlackElo "2209"]
[PlyCount "61"]
[EventDate "2017.01.15"]
[EventType "tourn"]
[EventRounds "5"]
[EventCountry "CAN"]

1. e4 c5 2. Nf3 Nc6 3. Bb5 g6 4. O-O Bg7 5. Bxc6 bxc6 6. Re1 e5 7. c3 Ne7 8. d4
cxd4 9. cxd4 exd4 10. Nxd4 O-O 11. Nc3 Rb8 12. Nb3 d6 13. Bf4 Be5 14. Bxe5 dxe5
15. Qc2 Qd6 16. Na4 f5 17. Rad1 Qf6 18. Nbc5 Kh8 19. exf5 gxf5 20. Qc3 Ng6 21.
b3 Rb5 22. Nb2 Rg8 23. a4 Rxc5 24. Qxc5 e4 25. Nc4 Nh4 26. Kh1 Rxg2 27. Rg1
Rxh2+ 28. Kxh2 Nf3+ 29. Kg2 f4 30. Rh1 Qg6+ 31. Kf1 1-0

[Event "Ligue elite du dimanche"]
[Site "Montreal CAN"]
[Date "2017.04.16"]
[Round "5"]
[White "Zhu, Hong Rui"]
[Black "Rodrigue-Lemieux, Shawn"]
[Result "1-0"]
[WhiteElo "2316"]
[BlackElo "2263"]
[PlyCount "95"]
[EventDate "2017.01.15"]
[EventType "tourn"]
[EventRounds "5"]
[EventCountry "CAN"]

1. e4 c6 2. d4 d5 3. exd5 cxd5 4. Bd3 Nc6 5. c3 Qc7 6. Ne2 Bg4 7. f3 Bd7 8. Bf4
e5 9. dxe5 Nxe5 10. Bc2 Nf6 11. Qd4 Bd6 12. Nd2 Nc6 13. Qe3+ Be6 14. O-O-O
O-O-O 15. Bxd6 Qxd6 16. Nd4 Kb8 17. N2b3 a6 18. g3 Rhe8 19. Qg5 Rg8 20. Rhe1 h6
21. Qd2 Rge8 22. Nxc6+ Qxc6 23. Qd4 Bc8 24. Nc5 Rxe1 25. Rxe1 Re8 26. Rxe8 Qxe8
27. Kd2 Qe7 28. Bb3 Be6 29. Qb4 Ka7 30. Nxa6 Ne4+ 31. fxe4 Qg5+ 32. Kc2 Qh5 33.
Qc5+ b6 34. Qb5 Qxh2+ 35. Kc1 Qg1+ 36. Bd1 Qe3+ 37. Kc2 Qxe4+ 38. Kd2 d4 39.
Nb4 Qe3+ 40. Kc2 Qf2+ 41. Be2 Bf5+ 42. Kb3 dxc3 43. Nc6+ Kb7 44. Na5+ Kb8 45.
Qe5+ Kc8 46. Qe8+ Kc7 47. Qc6+ Kd8 48. Nb7+ 1-0

[Event "Montcalm op"]
[Site "Quebec CAN"]
[Date "2017.01.06"]
[Round "1"]
[White "Rodrigue-Lemieux, Shawn"]
[Black "Gingras, Philippe"]
[Result "1-0"]
[WhiteElo "2180"]
[BlackElo "1782"]
[PlyCount "115"]
[EventDate "2017.01.06"]
[EventType "swiss"]
[EventRounds "5"]
[EventCountry "CAN"]

1. e4 c6 2. d4 d5 3. Nc3 dxe4 4. Nxe4 Bf5 5. Ng3 Bg6 6. Nh3 h6 7. Nf4 Bh7 8.
Bc4 Nf6 9. O-O Nbd7 10. Re1 Nb6 11. Bb3 Qd7 12. c3 Nbd5 13. c4 Nxf4 14. Bxf4 g5
15. Be5 Bg7 16. Qf3 O-O 17. Rad1 a5 18. a3 a4 19. Ba2 Rad8 20. d5 cxd5 21. cxd5
Ne8 22. Qe3 Nf6 23. Qf3 Ne8 24. Bxg7 Nxg7 25. d6 e6 26. Qf6 Bg6 27. h4 Qb5 28.
hxg5 Qxg5 29. Qxg5 hxg5 30. Ne4 Bxe4 31. Rxe4 Nf5 32. d7 Ra8 33. Rb4 Kg7 34.
Rxb7 Kf6 35. Bc4 Rfd8 36. Bb5 Ke7 37. Rb6 e5 38. Bc6 Ra7 39. Rb4 Nd4 40. Bxa4
Ne6 41. Bb5 Nc5 42. Rd5 Nxd7 43. Bxd7 Raxd7 44. Rxe5+ Kf6 45. Re1 Rd2 46. a4
Rc2 47. b3 Rdd2 48. Rf1 Ra2 49. Rb5 g4 50. a5 g3 51. fxg3+ Kg6 52. Kh2 Rxg2+
53. Kh3 Rge2 54. Rf4 Re3 55. b4 Raa3 56. Rg4+ Kh6 57. Kh4 f6 58. Rh5# 1-0

[Event "Montcalm op"]
[Site "Quebec CAN"]
[Date "2017.01.06"]
[Round "2"]
[White "Cournoyer, Dominic"]
[Black "Rodrigue-Lemieux, Shawn"]
[Result "0-1"]
[WhiteElo "1944"]
[BlackElo "2180"]
[PlyCount "92"]
[EventDate "2017.01.06"]
[EventType "swiss"]
[EventRounds "5"]
[EventCountry "CAN"]

1. c4 d6 2. Nc3 g6 3. g3 Bg7 4. Bg2 e5 5. Nf3 Ne7 6. d4 Nd7 7. dxe5 dxe5 8. O-O
O-O 9. Qc2 c6 10. Rd1 Qc7 11. b3 Nf5 12. Bb2 Nd4 13. Qd2 Ne6 14. Ne4 Rd8 15.
Nfg5 Ndf8 16. Qe3 Nd4 17. Bxd4 exd4 18. Qf3 h6 19. Nh3 f5 20. Nc5 g5 21. Qh5
Qa5 22. Nd3 Be6 23. Nxg5 hxg5 24. Qxg5 Qc7 25. Nf4 Qf7 26. Rd3 Qf6 27. Qxf6
Bxf6 28. Rad1 Kf7 29. Bh3 Ng6 30. Nxe6 Kxe6 31. Rf3 Ne7 32. e4 dxe3 33. Rxe3+
Kf7 34. Red3 Rxd3 35. Rxd3 b6 36. Bg2 a5 37. Rd6 Rc8 38. h4 Be5 39. Rh6 Bf6 40.
Bf3 Rd8 41. g4 fxg4 42. Bxg4 Rd4 43. Bf3 Rxh4 44. Rxh4 Bxh4 45. Be4 Ke6 46. Kg2
Ke5 0-1

[Event "Montcalm op"]
[Site "Quebec CAN"]
[Date "2017.01.07"]
[Round "3"]
[White "Rodrigue-Lemieux, Shawn"]
[Black "Pare, Marc"]
[Result "1-0"]
[WhiteElo "2180"]
[BlackElo "1946"]
[PlyCount "113"]
[EventDate "2017.01.06"]
[EventType "swiss"]
[EventRounds "5"]
[EventCountry "CAN"]

1. e4 d5 2. exd5 Nf6 3. Bb5+ Bd7 4. Bc4 Bg4 5. f3 Bc8 6. Nc3 Nbd7 7. Nge2 Nb6
8. d3 Nfxd5 9. Nxd5 Nxd5 10. O-O e6 11. Qe1 Be7 12. d4 O-O 13. c3 c5 14. Kh1 a6
15. dxc5 Bxc5 16. Nf4 b5 17. Bxd5 exd5 18. Qe5 Bb7 19. Nh5 f6 20. Qe6+ Kh8 21.
Be3 Bxe3 22. Qxe3 Re8 23. Qf2 Re5 24. Nf4 Qe7 25. Qb6 Re8 26. Rad1 Qf7 27. Qd4
Kg8 28. Kg1 Bc6 29. Nd3 Re2 30. Rfe1 Rxe1+ 31. Rxe1 Rxe1+ 32. Nxe1 g6 33. Kf2
Kg7 34. Nd3 Bb7 35. Qb6 Bc8 36. a3 Qb7 37. Qxb7+ Bxb7 38. Ke3 Kf7 39. Kd4 Ke7
40. Nc5 Bc6 41. Nxa6 Kd6 42. Nc5 g5 43. Nd3 h5 44. Nf2 Bd7 45. Nd3 f5 46. b3 h4
47. Ne5 Be6 48. a4 bxa4 49. bxa4 g4 50. f4 Bc8 51. h3 gxh3 52. gxh3 Ba6 53. Nd3
Bc4 54. a5 Bb5 55. Ne5 Bf1 56. Ng6 Bxh3 57. Nxh4 1-0

[Event "Montcalm op"]
[Site "Quebec CAN"]
[Date "2017.01.07"]
[Round "4"]
[White "Berube, Antoine"]
[Black "Rodrigue-Lemieux, Shawn"]
[Result "1-0"]
[WhiteElo "2153"]
[BlackElo "2180"]
[PlyCount "79"]
[EventDate "2017.01.06"]
[EventType "swiss"]
[EventRounds "5"]
[EventCountry "CAN"]

1. c4 e5 2. g3 g6 3. Bg2 Bg7 4. Nc3 Ne7 5. e3 Nbc6 6. Rb1 a5 7. a3 d6 8. b4
axb4 9. axb4 Bf5 10. d3 Qd7 11. b5 Nd8 12. e4 Be6 13. h4 c6 14. bxc6 bxc6 15.
Nge2 d5 16. exd5 cxd5 17. O-O O-O 18. Rb5 e4 19. dxe4 dxc4 20. Bg5 Re8 21. Qc1
Ndc6 22. Rd1 Qa7 23. Be3 Qa3 24. Nd5 Qxc1 25. Rxc1 Ra1 26. Rxa1 Bxa1 27. Rc5
Bxd5 28. exd5 Ne5 29. Nd4 Rc8 30. Nc6 N7xc6 31. dxc6 Kf8 32. c7 Ke7 33. Bb7 Kd7
34. Bxc8+ Kxc8 35. Bf4 f6 36. Bxe5 Bxe5 37. Rxc4 Bxc7 38. Rc6 f5 39. Rf6 Be5
40. Rf8+ 1-0

[Event "Montcalm op"]
[Site "Quebec CAN"]
[Date "2017.01.08"]
[Round "5"]
[White "Rodrigue-Lemieux, Shawn"]
[Black "Lessard, Claude"]
[Result "1-0"]
[WhiteElo "2180"]
[BlackElo "2229"]
[PlyCount "85"]
[EventDate "2017.01.06"]
[EventType "swiss"]
[EventRounds "5"]
[EventCountry "CAN"]

1. e4 c6 2. d4 d5 3. exd5 cxd5 4. Bd3 Nc6 5. c3 Nf6 6. Bf4 Bg4 7. Qb3 Qd7 8.
Nd2 e6 9. Ngf3 Bd6 10. Bxd6 Qxd6 11. O-O O-O 12. Rae1 Qc7 13. Ne5 Nxe5 14. Rxe5
Bh5 15. f4 Bg6 16. Qc2 Rac8 17. h3 b5 18. f5 exf5 19. Bxb5 Rfd8 20. Ree1 Ne4
21. Bd3 Qd7 22. Nb3 Qd6 23. Bxe4 fxe4 24. Nc5 f5 25. Nb7 Qc7 26. Nxd8 Qxd8 27.
Rf2 Qe7 28. Qd2 h6 29. Qf4 Bh7 30. Rd2 g5 31. Qe5 Qf7 32. Qd6 Bg6 33. h4 f4 34.
Rf2 e3 35. Rxe3 fxe3 36. Rxf7 Bxf7 37. Qxh6 Re8 38. Qxg5+ Kh7 39. Kf1 e2+ 40.
Ke1 Rg8 41. Qf5+ Bg6 42. Qxd5 Bd3 43. Qf3 1-0

[Event "Pere Noel"]
[Site "Montreal CAN"]
[Date "2016.12.26"]
[Round "1.1"]
[White "Rodrigue-Lemieux, Shawn"]
[Black "Sambuev, Bator"]
[Result "0-1"]
[WhiteElo "2117"]
[BlackElo "2588"]
[PlyCount "82"]
[EventDate "2016.12.26"]
[EventType "swiss"]
[EventRounds "5"]
[EventCountry "CAN"]

1. e4 e6 2. d4 d5 3. Nd2 c5 4. Ngf3 Nf6 5. exd5 exd5 6. Be2 Nc6 7. O-O Bd6 8.
dxc5 Bxc5 9. Nb3 Bb6 10. c3 Ne4 11. Nbd4 O-O 12. Bf4 Re8 13. Re1 Bg4 14. Be3
Rc8 15. a4 Na5 16. Nd2 Bxe2 17. Rxe2 Nxd2 18. Rxd2 Nc4 19. Re2 Re4 20. Nf5 Nxe3
21. Nxe3 Qg5 22. Qd3 Rce8 23. Rae1 h5 24. Nd1 Qg6 25. Qb5 R8e5 26. Rxe4 Rxe4
27. Rxe4 Qxe4 28. Kf1 d4 29. cxd4 Qxd4 30. Qxh5 Qxa4 31. Qd5 g6 32. h3 Bd4 33.
Qf3 Qb4 34. Qe2 a5 35. h4 Qc5 36. Qd3 b5 37. g3 a4 38. Ke2 b4 39. f4 Kg7 40.
Kd2 a3 41. Qb3 axb2 0-1

[Event "Pere Noel"]
[Site "Montreal CAN"]
[Date "2016.12.28"]
[Round "3.14"]
[White "Rodrigue-Lemieux, Shawn"]
[Black "Lemieux, Serge"]
[Result "1-0"]
[WhiteElo "2117"]
[BlackElo "1688"]
[PlyCount "63"]
[EventDate "2016.12.26"]
[EventType "swiss"]
[EventRounds "5"]
[EventCountry "CAN"]

1. e4 e6 2. d4 d5 3. Nd2 Nf6 4. e5 Nfd7 5. f4 c5 6. c3 cxd4 7. cxd4 Nc6 8. Ndf3
h6 9. Bd3 Bb4+ 10. Bd2 Qa5 11. Ne2 O-O 12. O-O Bxd2 13. Qxd2 Qxd2 14. Nxd2 Nb4
15. Bb1 b6 16. Rf3 Ba6 17. Re3 Bxe2 18. Rxe2 Rac8 19. Nb3 Rc7 20. a3 Nc6 21.
Bd3 Rfc8 22. Ba6 Rd8 23. Rc2 Ndb8 24. Bb5 Rcc8 25. Rac1 Ne7 26. Rc7 Nbc6 27.
Rb7 Kf8 28. a4 Rb8 29. Rxb8 Nxb8 30. Rc7 a6 31. Bd3 a5 32. Rb7 1-0

[Event "Pere Noel"]
[Site "Montreal CAN"]
[Date "2016.12.29"]
[Round "4.8"]
[White "Soudre, Nicolas"]
[Black "Rodrigue-Lemieux, Shawn"]
[Result "0-1"]
[WhiteElo "2261"]
[BlackElo "2117"]
[PlyCount "206"]
[EventDate "2016.12.26"]
[EventType "swiss"]
[EventRounds "5"]
[EventCountry "CAN"]

1. e4 c6 2. d4 d5 3. Nc3 dxe4 4. Nxe4 Nf6 5. Nxf6+ gxf6 6. Nf3 Bf5 7. Bd3 Bg6
8. Bf4 e6 9. O-O Bg7 10. Qe2 O-O 11. Bg3 Nd7 12. Rad1 Re8 13. Rfe1 Qa5 14. Bc4
Nb6 15. Bb3 Bh5 16. c4 Rad8 17. Qe3 Qf5 18. Rd2 Qa5 19. Rdd1 Qf5 20. Qc3 Bg6
21. a4 Bf8 22. a5 Nc8 23. Rd2 Bh6 24. Rdd1 Bf8 25. Re2 Qh5 26. Rde1 Bd6 27. d5
e5 28. c5 Bf8 29. d6 Bf5 30. Bc4 b6 31. axb6 axb6 32. b4 b5 33. Bb3 Bg7 34. Nd2
Be6 35. f3 Bh6 36. Bxe6 Rxe6 37. Nb3 Qf5 38. Bf2 Bg7 39. g4 Qg6 40. Qc2 h5 41.
h3 Kh7 42. Qe4 hxg4 43. hxg4 Qxe4 44. fxe4 Bh6 45. Kg2 Bf4 46. Be3 Bxe3 47.
Rxe3 Kg6 48. Rh1 Nxd6 49. cxd6 Rexd6 50. Rf1 Ra8 51. Nc5 Ra2+ 52. Rf2 Ra1 53.
Ref3 Rb1 54. Rd3 Rxd3 55. Nxd3 Rd1 56. Rf3 Rd2+ 57. Kg3 Re2 58. Nc5 Rb2 59. Rb3
Rc2 60. Nd3 Kg5 61. Nf2 Rc4 62. Nh3+ Kg6 63. Kf3 Rc1 64. Nf2 Kg5 65. Rd3 Rc4
66. Rb3 Rc1 67. Kg3 Rc4 68. Nh3+ Kg6 69. Kf3 Rc1 70. Rd3 Rc4 71. Rd6 Rc3+ 72.
Kg2 Rc2+ 73. Kg3 Kg7 74. g5 fxg5 75. Nxg5 Rc4 76. Kg4 f6 77. Ne6+ Kg6 78. Nc5
Rxb4 79. Rxc6 Rc4 80. Kf3 b4 81. Rb6 Rxc5 82. Rxb4 Kg5 83. Rb3 Rc8 84. Kg3 Rc1
85. Ra3 Rf1 86. Rb3 Rf4 87. Re3 Kg6 88. Re1 Kf7 89. Re2 Ke6 90. Re1 Kd6 91.
Rd1+ Kc6 92. Rc1+ Kb5 93. Rb1+ Kc4 94. Rb6 Kd3 95. Rb3+ Kxe4 96. Rb4+ Kf5 97.
Rxf4+ exf4+ 98. Kf3 Ke5 99. Kf2 Ke4 100. Ke2 f3+ 101. Kf2 Kf4 102. Kf1 Ke3 103.
Ke1 f2+ 0-1

[Event "Wch-U12"]
[Site "Batumi GEO"]
[Date "2016.10.19"]
[Round "1.26"]
[White "Rodrigue-Lemieux, Shawn"]
[Black "Grigoryan, Gor M"]
[Result "1-0"]
[WhiteElo "2072"]
[BlackElo "1656"]
[PlyCount "63"]
[EventDate "2016.10.19"]
[EventType "swiss"]
[EventRounds "13"]
[EventCountry "GEO"]
[Source "Chess Mix"]

1. e4 e6 2. d4 d5 3. Nd2 Nf6 4. e5 Nfd7 5. f4 c5 6. c3 Nc6 7. Ndf3 Qb6 8. g3
cxd4 9. cxd4 Bb4+ 10. Kf2 O-O 11. Kg2 f6 12. Bd3 a5 13. Ne2 fxe5 14. fxe5 g6
15. Bf4 Be7 16. h4 Qxb2 17. Rc1 Nb4 18. h5 Nxd3 19. Qxd3 b6 20. Rc2 Qa3 21. Nc3
Ba6 22. Qd1 Rac8 23. hxg6 Rxc3 24. Rxc3 Qxc3 25. Rxh7 Qb2+ 26. Nd2 Qxd4 27. Qh5
Nxe5 28. Rh8+ Kg7 29. Bh6+ Kxh8 30. Bxf8+ Kg8 31. Qh7+ Kxf8 32. Qh8# 1-0

[Event "Wch-U12"]
[Site "Batumi GEO"]
[Date "2016.10.20"]
[Round "2.24"]
[White "Atakishiyev, Elmar"]
[Black "Rodrigue-Lemieux, Shawn"]
[Result "1-0"]
[WhiteElo "1875"]
[BlackElo "2072"]
[PlyCount "57"]
[EventDate "2016.10.19"]
[EventType "swiss"]
[EventRounds "13"]
[EventCountry "GEO"]
[Source "Chess Mix"]

1. e4 c6 2. d4 d5 3. exd5 cxd5 4. c4 Nf6 5. Nc3 e6 6. Nf3 Bb4 7. cxd5 Nxd5 8.
Qc2 Nc6 9. Bd3 h6 10. O-O O-O 11. Ne4 Be7 12. a3 Bd7 13. Qe2 Qc7 14. Nc3 a6 15.
Re1 Rfe8 16. Bc2 Bf8 17. Qd3 g6 18. h4 Nxc3 19. bxc3 e5 20. Bb3 e4 21. Rxe4 Bf5
22. Rxe8 Bxd3 23. Rxa8 Kg7 24. Bxh6+ Kxh6 25. Rxf8 Na5 26. Rxf7 Qxc3 27. Ng5
Qxa1+ 28. Kh2 Kh5 29. Kg3 1-0

[Event "Wch-U12"]
[Site "Batumi GEO"]
[Date "2016.10.21"]
[Round "3.23"]
[White "Rodrigue-Lemieux, Shawn"]
[Black "Somalwar, Anaiy"]
[Result "1-0"]
[WhiteElo "2072"]
[BlackElo "1772"]
[PlyCount "171"]
[EventDate "2016.10.19"]
[EventType "swiss"]
[EventRounds "13"]
[EventCountry "GEO"]
[Source "Chess Mix"]

1. e4 c5 2. Ne2 d6 3. Nbc3 Nf6 4. g3 Nc6 5. Bg2 g6 6. O-O Bg7 7. d3 O-O 8. Be3
Rb8 9. f4 Ng4 10. Bc1 f5 11. h3 Nh6 12. Be3 Nd4 13. Qd2 Nf7 14. Nd1 b5 15. c3
Nxe2+ 16. Qxe2 b4 17. Re1 bxc3 18. bxc3 fxe4 19. dxe4 Qa5 20. Qd2 h5 21. Bf1
Be6 22. Bf2 Rb7 23. Kh2 Nh6 24. Bd3 c4 25. Bf1 Rfb8 26. Bd4 Qa3 27. Kh1 Bf8 28.
f5 gxf5 29. exf5 Bxf5 30. Bxc4+ Kh7 31. Qg5 e5 32. Be3 Qa4 33. Qh4 Qc6+ 34. Kg1
Bg6 35. Be2 Be7 36. Qc4 Qxc4 37. Bxc4 Rc7 38. Bd5 Nf5 39. Bf2 Bg5 40. Re2 Ne7
41. Bb3 Bd3 42. Rb2 a6 43. Bc2 Bxc2 44. Rxb8 Nd5 45. Ra8 Rc6 46. c4 Nc7 47. Ra7
Kg6 48. Ne3 Bxe3 49. Bxe3 Rxc4 50. h4 Bd3 51. Rd1 e4 52. Bf4 Rc6 53. Rc1 Bc4
54. a4 Ne8 55. Re7 Ng7 56. Rxe4 d5 57. Re5 Ne6 58. Kf2 Rb6 59. Rd1 Rb2+ 60. Kg1
Rb6 61. Be3 Rd6 62. Bf2 Bb3 63. Rd3 Bc4 64. Rd2 Kh6 65. a5 Kg6 66. Rb2 Bb5 67.
Rb1 d4 68. Rd1 d3 69. Be3 Rc6 70. Rd2 Bc4 71. Kf2 Rd6 72. Bb6 Bb5 73. Ke3 Ng7
74. Rg5+ Kh6 75. Kf4 Bc4 76. Re5 Kg6 77. Ke4 Ne6 78. Be3 Rd7 79. Rf2 Rd6 80.
Bd2 Bb5 81. Ke3 Bc4 82. Rff5 Ng7 83. Rg5+ Kf6 84. Bc3 Kf7 85. Rxg7+ Kxg7 86.
Re6+ 1-0

[Event "Wch-U12"]
[Site "Batumi GEO"]
[Date "2016.10.22"]
[Round "4.18"]
[White "Qalichava, Akaki"]
[Black "Rodrigue-Lemieux, Shawn"]
[Result "1-0"]
[WhiteElo "1881"]
[BlackElo "2072"]
[PlyCount "139"]
[EventDate "2016.10.19"]
[EventType "swiss"]
[EventRounds "13"]
[EventCountry "GEO"]
[Source "Chess Mix"]

1. e4 c6 2. d4 d5 3. Nc3 dxe4 4. Nxe4 Nf6 5. Nxf6+ gxf6 6. Nf3 Bf5 7. Bf4 Qd5
8. c3 Rg8 9. Bg3 Bh6 10. Be2 Be4 11. Qb3 Qxb3 12. axb3 Nd7 13. Nh4 Bc2 14. b4
f5 15. f3 Nf6 16. Bf2 Nd5 17. g3 e6 18. f4 Nf6 19. Nf3 Be4 20. Rf1 Bxf3 21.
Bxf3 Kd7 22. Ke2 a6 23. Rfd1 Nd5 24. Bxd5 cxd5 25. Ra5 Kc6 26. Rda1 Rad8 27.
Kd3 Bf8 28. Be1 Be7 29. Rc1 Kb6 30. Ke3 Rc8 31. Raa1 h5 32. h4 Rc6 33. Rd1 Bf8
34. Kf3 Bh6 35. Bf2 Rgc8 36. Ra5 Bf8 37. Rda1 Be7 38. Be1 Rc4 39. Ke3 Bd6 40.
Rc5 Be7 41. b3 R4xc5 42. bxc5+ Kc6 43. Rb1 Bf8 44. c4 Rd8 45. Kd3 Be7 46. b4
dxc4+ 47. Kxc4 Rd7 48. Bc3 b5+ 49. Kd3 a5 50. Ke3 a4 51. Ba1 Kd5 52. Rc1 Rd8
53. Rc3 Rg8 54. Kd2 Bf6 55. Rd3 Kc4 56. Bc3 Bxh4 57. d5 exd5 58. Kc2 Bf6 59.
Bxf6 Kxb4 60. c6 Rc8 61. Rc3 Ka5 62. Kb2 b4 63. Rc1 Kb5 64. c7 Kb6 65. Be5 Kb7
66. Rc5 a3+ 67. Kb3 Rg8 68. Rb5+ Kc6 69. Rb8 Rxg3+ 70. Kxb4 1-0

[Event "Wch-U12"]
[Site "Batumi GEO"]
[Date "2016.10.23"]
[Round "5.31"]
[White "Rodrigue-Lemieux, Shawn"]
[Black "Mitusov, Semen"]
[Result "1-0"]
[WhiteElo "2072"]
[BlackElo "1752"]
[PlyCount "109"]
[EventDate "2016.10.19"]
[EventType "swiss"]
[EventRounds "13"]
[EventCountry "GEO"]
[Source "Chess Mix"]

1. e4 e5 2. Nf3 Nc6 3. Bc4 Bc5 4. c3 Nf6 5. d3 d6 6. Bg5 h6 7. Bh4 Bb6 8. b4
Bg4 9. Nbd2 Qe7 10. Bb3 g5 11. Bg3 Nh5 12. Nc4 Nf4 13. Bxf4 gxf4 14. a4 a5 15.
b5 Nd8 16. Nxb6 cxb6 17. h3 Bh5 18. g4 fxg3 19. fxg3 Rc8 20. g4 Bg6 21. Rc1 h5
22. g5 h4 23. Qd2 Ne6 24. Bxe6 Qxe6 25. c4 f5 26. gxf6 Qxf6 27. Rf1 Kd7 28. Qe3
Kc7 29. Ng1 Qe7 30. Ne2 Rcf8 31. Kd2 Qd8 32. Rxf8 Rxf8 33. Qh6 Qf6 34. Rg1 Be8
35. Rg7+ Kc8 36. Qxf6 Rxf6 37. Rh7 Rf2 38. Rh8 Kd7 39. Rxh4 Ke6 40. Ke3 Rf1 41.
Nc3 Ra1 42. Rh7 Bf7 43. h4 Kf6 44. Rh6+ Ke7 45. Rh8 Kd7 46. h5 Rh1 47. h6 Rh3+
48. Kd2 Rh2+ 49. Kc1 Rh1+ 50. Kc2 Rh2+ 51. Kb3 Rh3 52. h7 Bg6 53. Rb8 Bxh7 54.
Rxb7+ Ke6 55. Rxb6 1-0

[Event "Wch-U12"]
[Site "Batumi GEO"]
[Date "2016.10.24"]
[Round "6.23"]
[White "Nguyen Huynh Minh, Thien"]
[Black "Rodrigue-Lemieux, Shawn"]
[Result "0-1"]
[WhiteElo "1793"]
[BlackElo "2072"]
[PlyCount "100"]
[EventDate "2016.10.19"]
[EventType "swiss"]
[EventRounds "13"]
[EventCountry "GEO"]
[Source "Chess Mix"]

1. Nf3 d6 2. d4 g6 3. g3 Bg7 4. Bg2 Nd7 5. O-O e5 6. c4 Ne7 7. Nc3 O-O 8. e4
exd4 9. Nxd4 Nc6 10. Be3 Nde5 11. b3 Ng4 12. Nxc6 Nxe3 13. Qd3 bxc6 14. fxe3
Be5 15. Rac1 a5 16. Rf2 c5 17. Rcf1 c6 18. Rd1 h5 19. Bf1 h4 20. Ne2 Bg4 21.
Rg2 Bf3 22. Rf2 Bxe2 23. Bxe2 hxg3 24. hxg3 Bxg3 25. Rg2 Be5 26. a4 Kg7 27. Rf1
Qh4 28. Bg4 Rh8 29. Rf3 Rab8 30. Kf1 Qe7 31. Rff2 Rh1+ 32. Rg1 Rxg1+ 33. Kxg1
Qh4 34. Qd1 Qg3+ 35. Kf1 Qxe3 36. Qf3 Qc1+ 37. Kg2 f6 38. Bh3 Bd4 39. Rf1 Qc2+
40. Kh1 Rxb3 41. Qg4 Be5 42. Bg2 Qxc4 43. Qd7+ Qf7 44. Qxc6 Qe6 45. Qc7+ Kh6
46. Qxa5 Rh3+ 47. Kg1 Bd4+ 48. Rf2 Qa2 49. Bxh3 Qxf2+ 50. Kh1 Qg1# 0-1

[Event "Wch-U12"]
[Site "Batumi GEO"]
[Date "2016.10.26"]
[Round "7.9"]
[White "Rodrigue-Lemieux, Shawn"]
[Black "Sindarov, Javokhir"]
[Result "0-1"]
[WhiteElo "2072"]
[BlackElo "2411"]
[PlyCount "96"]
[EventDate "2016.10.19"]
[EventType "swiss"]
[EventRounds "13"]
[EventCountry "GEO"]
[Source "Chess Mix"]

1. e4 d6 2. Nc3 e5 3. Bc4 Nf6 4. d3 Be7 5. f4 c6 6. Nf3 exf4 7. Bxf4 O-O 8. Bb3
d5 9. O-O dxe4 10. dxe4 Be6 11. Qxd8 Rxd8 12. Bxe6 fxe6 13. Rad1 Na6 14. Ng5
Bc5+ 15. Kh1 Rxd1 16. Rxd1 Re8 17. Re1 e5 18. Be3 Bd4 19. Bd2 Nb4 20. a3 Nxc2
21. Re2 Na1 22. Nf3 Nb3 23. Bg5 Nd7 24. h3 Nb6 25. Be3 Nc4 26. Bxd4 exd4 27.
Nd1 d3 28. Re1 d2 29. Re2 Nc1 30. Rf2 b5 31. e5 h6 32. Kh2 Nb3 33. Kg3 a5 34.
Kf4 g5+ 35. Kf5 Kg7 36. Ke4 Rd8 37. Kf5 Rf8+ 38. Kg4 Rf4+ 39. Kg3 Re4 40. Rf1
Nxe5 41. Nc3 Rf4 42. Ne2 Rf8 43. Rd1 Nc4 44. Nc3 Nxb2 45. Rb1 b4 46. axb4 axb4
47. Nd1 Nxd1 48. Rxb3 Rxf3+ 0-1